Болота и биосфера: материалы VIII Всероссийской с международным участием научной школы (10-15 сентября 2012 г.)

Detaylı Bibliyografya
Kurumsal yazarlar: Томский государственный педагогический университет (570), Российская академия наук Сибирское отделение Институт почвоведения и агрохимии, Российская академия наук Сибирское отделение Институт химии нефти, Горно-Алтайский государственный университет, Общество почвоведов имени В. В. Докучаева Томское отделение, Болота и биосфера
Diğer Yazarlar: Инишева Л. И. (редактор)
Özet:Сборник включает в себя избранные лекции ведущих специалистов и материалы молодых ученых по исследованию функционирования болотных экосистем, физико-химическим и биологическим свойствам болотных образований, направлению использования болотных ресурсов. Сборник может быть рекомендован для студентов, аспирантов, научных сотрудников, преподавателям естественнонаучных специальностей.
Dil:Rusça
Baskı/Yayın Bilgisi: Томск, Изд-во ТГПУ, 2012
Konular:
Materyal Türü: Kitap
KOHA link:https://koha.lib.tpu.ru/cgi-bin/koha/opac-detail.pl?biblionumber=670800

MARC

LEADER 00000nam0a2200000 4500
001 670800
005 20240802125742.0
010 |a 978-5-89428-607-5 
090 |a 670800 
100 |a 20240220d2012 k||y0rusy50 ca 
101 0 |a rus 
102 |a RU 
105 |a a z 101yy 
181 0 |a i   |b  e  
182 0 |a n 
183 0 |a nc  |2 RDAcarrier 
200 1 |a Болота и биосфера  |e материалы VIII Всероссийской с международным участием научной школы (10-15 сентября 2012 г.)  |f Томский государственный педагогический университет [и др.] ; науч. ред. Л. И. Инишева 
203 |a Текст  |b визуальный  |c непосредственный 
210 |a Томск  |c Изд-во ТГПУ  |d 2012 
215 |a 304 с.  |c ил. 
283 |a volume  |2 RDAcarrier 
320 |a Библиография в конце статей 
330 |a Сборник включает в себя избранные лекции ведущих специалистов и материалы молодых ученых по исследованию функционирования болотных экосистем, физико-химическим и биологическим свойствам болотных образований, направлению использования болотных ресурсов. Сборник может быть рекомендован для студентов, аспирантов, научных сотрудников, преподавателям естественнонаучных специальностей. 
606 1 |a Болота  |x Гидрология  |9 34525 
610 1 |a материалы конференции 
610 1 |a биосфера 
610 1 |a болотные экосистемы 
610 1 |a болотные образования 
610 1 |a физико-химические свойства 
610 1 |a биологические свойства 
610 1 |a болотные ресурсы 
675 |a 556.56(063)  |v 4 
702 1 |4 340  |a Инишева  |b Л. И. 
712 0 2 |a Томский государственный педагогический университет  |c (1995- )  |4 570  |9 23146 
712 0 2 |a Российская академия наук  |b Сибирское отделение  |b Институт почвоведения и агрохимии  |c (Новосибирск)  |c (1991- )  |4 570  |9 25316 
712 0 2 |a Российская академия наук  |b Сибирское отделение  |b Институт химии нефти  |c (Томск)  |4 570  |9 23409 
712 0 2 |a Горно-Алтайский государственный университет  |4 570  |9 23825 
712 0 2 |a Общество почвоведов имени В. В. Докучаева  |c (Москва)  |c (2004- )  |b Томское отделение  |4 570  |9 23849 
712 1 2 |a Болота и биосфера  |c Всероссийская с международным участием научная школа  |4 570  |d 8  |e Томск  |f 2012 
801 0 |a RU  |b 63413507  |c 20240220 
942 |c BK